Statistics for 2012 Boxing Pound for Pound World Top 10

Click here to take the quiz!

General Stats

  • This quiz has been taken 1,507 times
    (1,448 since last reset)
  • The average score is 4 of 10

Answer Stats

HintAnswer% Correct
1Floyd Mayweather Jr
94%
7Manny Pacquiao
71%
8Wladimir Klitschko
49%
2Andre Ward
39%
3Juan Manuel Marquez
33%
9Timothy Bradley
23%
4Sergio Martinez
18%
6Nonito Donaire
17%
5Adrien Broner
11%
10Robert Guerrero
3%

Score Distribution

Percentile by Number Answered

Percent of People with Each Score

Your Score History

You have not taken this quiz since the last reset